000 01080nam a22003377a 4500
003 CHAP
005 20220329141247.0
008 971010s1990 r 00010 d
010 _a65316
011 _a66288
035 _a74311
040 _cCHAP
090 _aTesis
100 0 0 _aTovar Zavala, Jorge O.
_9114429
245 _aEstudio agroclimático de la ciénega de Zacapu, Mich.
260 _aChapingo, Méx. :
_bEl autor,
_c1990
300 _a158 h.
502 _aTesis (Ing. Agr. Esp. en Irrigación) -- UACH. Departamento de Irrigación
590 _aALEPH
_b10
_c20130110
_lUCH01
_h1356
590 _aBATCH-UPD
_b10
_c20130110
_lUCH01
_h0506
590 _aBATCH-UPD
_b10
_c20130410
_lUCH01
_h0143
590 _aBATCH-UPD
_b10
_c20130914
_lUCH01
_h0007
590 _aCONVERSION
_b10
_c20130109
_lUCH01
_h1336
650 1 4 _aAgricultura
_xMichoacán.
_91743
650 1 4 _aCultivos y clima.
_930392
650 1 4 _aCultivos
_xIrrigación.
_930287
901 _aBK
942 _cTESIS
949 _bBC
_cTES
_d-19738
_eTS1
_i74311
_si
949 _bI
_cTES
_d-7175
_eTS1
_h600
_i74311
_si
999 _c65316
_d65316